| 000 | 00732cam a2200229 4500 | ||
|---|---|---|---|
| 001 | ABS61801 | ||
| 008 | 000000n2000 000 0 eng u | ||
| 035 | _a(Sirsi) u103714 | ||
| 245 | _aFocus 2000: Investment | ||
| 260 | _c2000 | ||
| 490 |
_aEstates Gazette _v(0001) 8 January 2000, 51-67(13) |
||
| 520 | _aReview of the investment market. Covers cinema investment, Grimethorpe's regeneration scheme, residential investment and a regional overview of foreign invesmtment in the UK. | ||
| 590 | _aABS | ||
| 650 | _aINVESTMENT MARKET | ||
| 650 | _aFOREIGN INVESTMENT | ||
| 650 | _aCINEMAS | ||
| 650 | _aREGENERATION | ||
| 650 | _aRESIDENTIAL INVESTMENT | ||
| 650 | _aGRIMETHORPE | ||
| 690 | _aINVESTMENT | ||
| 942 | _n0 | ||
| 999 |
_c62283 _d62283 |
||